Famous Pirates - Statistics

General Stats
  • This quiz has been taken 601 times
  • The average score is 3 of 10
Answer Stats
Hint 1 Hint 2 Answer % Correct
Most famous pirate Captain of 'Queen Anne´s Revenge' Edward ´Blackbeard' Thatch
99%
Lover of the above Pretended to be a man Anne Bonny
51%
Jolly Roger flag Also know as Calico Jack Rackham
45%
Friend and companion of #2 Pretended to be pregnant to avoid the gallows Mary Read
32%
Was elected governor of Jamaica Sacked the cities of Maracaibo, Panama and Gibraltar. Henry Morgan
29%
Captained ´The Ranger' Returned from retirement to work with #3 Charles Vane
25%
Born in Dundee, UK Captain of 'Adventure Galley' William Kidd
25%
Born in Wales Had education, treated women fairly and didn´t drink alcohol. Bartholomew ´Bart´ Roberts
23%
Captain of 'Amity' His flag had an arm carrying a sword Thomas Tew
12%
Born in Les-Sables-d´Olonne, France Known for his cruelty toward prisoners François l´Olonnais
1%
No matching quizzes found
Score Distribution
Percent of People with Each Score
Percentile by Number Answered
Your Score History
You have not taken this quiz